000 00723cam a22002533a 4500
001 3550
003 PGUSA
005 20140828083034.0
008 021101s2002||||xxu|||||s|||||000 1 eng d
040 _aPGUSA
_beng
042 _adc
050 4 _aPR
100 1 _aTrollope, Anthony,
_d1815-1882
245 1 0 _aLa Mere Bauche :
_bFrom Tales of All Countries
_h[electronic resource] /
_cAnthony Trollope
260 _bProject Gutenberg,
_c2002
506 _aPublic domain in the USA.
516 _aElectronic text
653 _aShort stories
653 _aMate selection -- Fiction
653 _aFrance -- Fiction
830 0 _aProject Gutenberg
_v3550
856 4 0 _uhttp://www.gutenberg.org/ebooks/3550
942 _cEB
999 _c232879
_d232879